|
|
|
|
| LEADER |
01663nam a2200421 a 4500 |
| 001 |
EBC1433909 |
| 003 |
MiAaPQ |
| 005 |
20200520144314.0 |
| 006 |
m o d | |
| 007 |
cr cn||||||||| |
| 008 |
050202s2005 be a sb 001 0 eng d |
| 010 |
|
|
|z 2005040632
|
| 020 |
|
|
|z 0805856692 (alk. paper)
|
| 020 |
|
|
|z 9780805856699
|
| 020 |
|
|
|a 9780203763995 (electronic bk.)
|
| 035 |
|
|
|a (MiAaPQ)EBC1433909
|
| 035 |
|
|
|a (Au-PeEL)EBL1433909
|
| 035 |
|
|
|a (CaPaEBR)ebr10689826
|
| 035 |
|
|
|a (CaONFJC)MIL479065
|
| 035 |
|
|
|a (OCoLC)862047120
|
| 040 |
|
|
|a MiAaPQ
|c MiAaPQ
|d MiAaPQ
|
| 050 |
|
4 |
|a RC537
|b .T478 2005
|
| 082 |
0 |
4 |
|a 616.85/2706
|2 22
|
| 245 |
0 |
4 |
|a The theory and treatment of depression
|h [electronic resource] :
|b towards a dynamic interactionism model /
|c edited by Jozef Corveleyn, Patrick Luyten, Sidney J. Blatt.
|
| 260 |
|
|
|a Leuven, Belgium :
|b Leuven University Press ;
|a Mahwah, N.J. :
|b Lawrence Erlbaum Assoc.,
|c 2005.
|
| 300 |
|
|
|a x, 291 p. :
|b ill.
|
| 490 |
1 |
|
|a Figures of the unconscious ;
|v 5
|
| 504 |
|
|
|a Includes bibliographical references and indexes.
|
| 533 |
|
|
|a Electronic reproduction. Ann Arbor, MI : ProQuest, 2015. Available via World Wide Web. Access may be limited to ProQuest affiliated libraries.
|
| 650 |
|
0 |
|a Depression, Mental.
|
| 650 |
|
0 |
|a Depression, Mental
|x Treatment.
|
| 655 |
|
4 |
|a Electronic books.
|
| 700 |
1 |
|
|a Corveleyn, Jozef.
|
| 700 |
1 |
|
|a Luyten, Patrick.
|
| 700 |
1 |
|
|a Blatt, Sidney J.
|q (Sidney Jules),
|d 1928-
|
| 710 |
2 |
|
|a ProQuest (Firm)
|
| 830 |
|
0 |
|a Figures of the unconscious ;
|v 5.
|
| 856 |
4 |
0 |
|u https://ebookcentral.proquest.com/lib/matrademy/detail.action?docID=1433909
|z Click to View
|